Statistiques concernant L'Histoire en couleurs

Cliquez ici pour prendre le quiz!

Statistiques générales

  • Ce quiz a été pris 92 fois
    (84 depuis la dernière actualisation)
  • Le résultat moyen est 12 sur 19

Statistiques - réponses

HintRéponse% Correct
Étoile sous le régime nazijaune
93%
Téléphone reliant Moscou à Washington durant la Guerre froiderouge
91%
Gilets, du mouvement de protestation de 2018jaunes
89%
Petit livre de Maorouge
89%
Jeudi 29 octobre 1929 à New Yorknoir
88%
Couleur traditionnelle des Pays-Basorange
78%
Bonnets, du mouvement de protestation breton.rouges
71%
Galant, pour Henri IVvert
68%
Triangle marquant les homosexuels dans les camps de la mortrose
67%
Chemises de la milice de Mussolininoires
63%
Russes opposés à la révolution bolchévique de 1917blancs
55%
Livre de Mouhammar Kadhafivert
54%
Banane pour la mégalopole européennebleue
51%
Couleur de l'uniforme des soldats confédérésgris
49%
Agent au Vietnamorange
49%
Code de 1685 établi par Colbertnoir
47%
Révolution en Ukraine en 2004orange
47%
Gerboise, nom de code du premier essai nucléaire françaisbleue
37%
Nation, pour l'Afrique du Sudarc en ciel
29%

Distribution des résultats

Percentile par nombre de réponses

% des personnes avec chaque résultat

Votre développement - résultats

Vous n’avez pas pris ce quiz depuis la dernière actualisation